| 000 | 00474nam a2200169Ia 4500 | ||
|---|---|---|---|
| 008 | 230917s9999||||xx |||||||||||||| ||und|| | ||
| 020 | _cRS399 | ||
| 040 |
_e249947 _aMAIN |
||
| 041 | _aEnglish | ||
| 082 | _a791.430954 D954K | ||
| 100 | _aDutta, Amit | ||
| 245 | 0 | _aKhud se kai sawal: Ek Bharatiya film-chhatra ke notebook | |
| 260 |
_aNew Delhi _bRajkamal Prakashan _c2017 |
||
| 300 | _a161 p. | ||
| 500 | _a3445 11/03/2019 RK18/1661 20/09/2018 UGC Grant | ||
| 942 | _cBK | ||
| 999 |
_c30822 _d30822 |
||